| 000 | 00967nam a2200217 a 4500 | ||
|---|---|---|---|
| 001 | 21259 | ||
| 003 | CO-ViMGA | ||
| 008 | 141112s2004 ck r 000 u spa d | ||
| 020 | _a8420550272 | ||
| 040 |
_aCO-ViMGA _bspa _cCO-ViMGA |
||
| 082 | 0 | 4 | _a372.7 C415d |
| 100 | 1 |
_aChamorro, María del carmen _930298 |
|
| 245 | 1 | 0 | _aDidáctica de las matemáticas para la educación preescolar |
| 260 |
_aMadrid; Prentice Hall, _c2003 |
||
| 300 | _a354 | ||
| 505 | _aDesarrollo del pensamiento simbólico en el niño 63 - - La construcción del número natural 141 - - Aritmética informal 221 - - La construcción de magnitudes lineales en educación 315 - - hacia la idea de problema en educación 347 | ||
| 590 | _aForma de adquisición : Compra fact. 0857 - - Precio : 65000 - - Proveedor : Temas y libros - - Fecha de adquisición : Mayo 2007 | ||
| 650 | 1 | 4 |
_aDIDACTICA DE LA MATEMATICA _930299 |
| 650 | 1 | 4 |
_aMATEMATICA - ENSEÑANZA PRIMARIA _930300 |
| 942 |
_2ddc _cBK |
||
| 999 |
_c29887 _d29887 |
||